PEM fuel cells (Record no. 83050)
[ view plain ]
| 000 -LEADER | |
|---|---|
| fixed length control field | 01335nam a2200361Ia 4500 |
| 082 04 - DEWEY DECIMAL CLASSIFICATION NUMBER | |
| Classification number | 621.312429 |
| 100 1# - MAIN ENTRY--AUTHOR NAME | |
| Personal name | Barbir, Frano, |
| 245 10 - TITLE STATEMENT | |
| Title | PEM fuel cells |
| 260 ## - PUBLICATION, DISTRIBUTION, ETC. (IMPRINT) | |
| Place of publication | Amsterdam ; |
| -- | Boston : |
| Name of publisher | Elsevier Academic Press, |
| Year of publication | 2005. |
| 300 ## - PHYSICAL DESCRIPTION | |
| Number of Pages | xv, 433 p. : |
| Other physical details | ill. |
| 490 1# - SERIES STATEMENT | |
| Series statement | Academic Press sustainable world series |
| 650 #0 - SUBJECT ADDED ENTRY--TOPICAL TERM | |
| Topical Term | Fuel cells. |
| Topical Term | Ion-permeable membranes. |
| 856 40 - ELECTRONIC LOCATION AND ACCESS | |
| Uniform Resource Identifier | http://site.ebrary.com/lib/rucke/Doc?id=10138196 |
No items available.
